LEADER 00700nam0-2200241 --450 001 9911021079503321 005 20250825120559.0 100 $a20250825d1974----kmuy0itay5050 ba 101 0 $ager 102 $aDE 105 $a 001yy 200 1 $aPlus petitio$fWolfgang Wiegand 210 $aBerlin$cSchweitzer$d1974 215 $aXX, 236 p.$d23 cm 225 1 $aAbhandlungen zur Rechtswissenschaftlichen Grundlagenforschung$v11 700 1$aWiegand,$bWolfgang$0266624 801 0$aIT$bUNINA$gREICAT$2UNIMARC 901 $aBK 912 $a9911021079503321 952 $aFONDO PROFESSOR ANTONIO GUARINO IV G 133$bG/2857$fFGBC 959 $aFGBC 996 $aPlus petitio$94427081 997 $aUNINA